Movies Quiz

Random Movies or Clickable Quiz

Romance Movies by Tagline Quiz Stats

 Plays Quiz Updated Aug 3, 2015

Challenge
Share
Tweet
Embed
Score 0/25 Timer 06:00
2 Plays Today
% Correct
Dirty Dancing
85.4%
10 Things I Hate About You
79.6%
Mamma Mia!
77.1%
Twilight
74.8%
Pretty Woman
74.5%
Easy A
72.7%
Scott Pilgrim vs. the World
71.1%
Forgetting Sarah Marshall
68.6%
The Phantom of the Opera
67.3%
Enchanted
63.9%
The Fault in Our Stars
62.6%
Titanic
61.7%
Stardust
61.1%
% Correct
Singin' in the Rain
59.8%
Pretty in Pink
57.4%
Step Up
56.5%
The Notebook
51.9%
Brokeback Mountain
42.1%
Warm Bodies
40.3%
Hairspray
36.7%
Moonrise Kingdom
35.9%
The Perks of Being a Wallflower
35.6%
Moulin Rouge!
35.4%
The Great Gatsby
35.4%
P.S. I Love You
31.3%

You're not logged in!

Compare scores with friends on all Sporcle quizzes.
Join for Free
OR
Log In

You Might Also Like...

Show Comments

Extras

Top Quizzes Today


Score Distribution

Your Account Isn't Verified!

In order to create a playlist on Sporcle, you need to verify the email address you used during registration. Go to your Sporcle Settings to finish the process.

Report this User

Report this user for behavior that violates our Community Guidelines.

Details: